[Event "XII Paracin Festival 2019"]
[Site "Paracin"]
[Date "2019.07.11"]
[Round "8.22"]
[White "Mitev, Valentin"]
[Black "Froewis, Georg"]
[Result "0-1"]
[WhiteElo "2296"]
[BlackElo "2434"]
[Annotator "NA"]
[PlyCount "146"]
[EventDate "2019.07.05"]
[EventType "swiss"]
[EventCountry "SRB"]
[SourceTitle "playchess.com"]
[Source "ChessBase"]
[SourceQuality "1"]
[TimeControl "5400+30"]

1. d4 {[%emt 0:00:00]} d5 {[%emt 0:00:00]} 2. c4 {[%emt 0:00:00]} e6 {[%emt 0:00:00]} 3. Nc3 {[%emt 0:00:08]} c6 {[%emt 0:00:00]} 4. e3 {[%emt 0:00:40]} Nf6 {[%emt 0:00:00]} 5. Nf3 {[%emt 0:00:09]} Nbd7 {[%emt 0:00:00]} 6. Bd3 {[%emt 0:00:27]} dxc4 {[%emt 0:00:00]} 7. Bxc4 {[%emt 0:00:12]} b5 {[%emt 0:00:00]} 8. Bd3 {[%emt 0:00:18]} Bd6 {[%emt 0:00:00]} 9. O-O {[%emt 0:01:02]} O-O {[%emt 0:00:00]} 10. Qc2 {[%emt 0:02:17]} Bb7 {[%emt 0:00:09]} 11. Ne4 {[%emt 0:01:13]} Nxe4 {[%emt 0:13:07]} 12. Bxe4 {[%emt 0:00:02]} Nf6 {[%emt 0:00:19]} 13. Bd3 {[%emt 0:06:49]} c5 {[%emt 0:01:10]} 14. dxc5 {[%emt 0:03:04]} Rc8 {[%emt 0:01:51]} 15. e4 {[%emt 0:04:08]} Rxc5 {[%emt 0:10:13]} 16. Qe2 {[%emt 0:00:05]} Qa8 {[%emt 0:00:04]} 17. Re1 {[%emt 0:03:45]} e5 {[%emt 0:01:09]} 18. Be3 {[%emt 0:01:17]} Rcc8 {[%emt 0:00:20]} 19. Bg5 {[%emt 0:00:11]} Nd7 {[%emt 0:06:50]} 20. Nh4 {[%emt 0:09:15]} Bb4 {[%emt 0:02:17]} 21. Qg4 {[%emt 0:03:30]} f6 {[%emt 0:00:28]} 22. Bh6 {[%emt 0:03:20]} Rf7 {[%emt 0:00:17]} 23. Nf5 {[%emt 0:03:19]} g6 {[%emt 0:00:51]} 24. Re3 {[%emt 0:14:25]} Rc7 {[%emt 0:06:10]} 25. a3 {[%emt 0:08:38]} Bc5 {[%emt 0:03:36]} 26. Rh3 {[%emt 0:03:51]} Nf8 {[%emt 0:04:06]} 27. b4 {[%emt 0:02:20]} Bd4 {[%emt 0:00:50]} 28. Re1 {[%emt 0:07:06]} Qc8 {[%emt 0:06:30]} 29. Bxf8 {[%emt 0:01:31]} Rxf8 {[%emt 0:00:45]} 30. Bxb5 {[%emt 0:02:18]} Bxe4 {[%emt 0:05:27]} 31. Nh6+ {[%emt 0:01:22]} Kg7 {[%emt 0:01:07]} 32. Qxe4 {[%emt 0:00:41]} f5 {[%emt 0:00:34]} 33. Qh4 {[%emt 0:06:24]} Kh8 {[%emt 0:01:25]} 34. Rd3 {[%emt 0:07:14]} Qd8 {[%emt 0:03:24]} 35. Qxd8 {[%emt 0:05:02]} Rxd8 {[%emt 0:00:01]} 36. Bc4 {[%emt 0:00:01]} Kg7 {[%emt 0:02:43]} 37. Nf7 {[%emt 0:00:08]} Rdc8 {[%emt 0:01:05]} 38. Nd6 {[%emt 0:00:48]} Rxc4 {[%emt 0:00:15]} 39. Nxc8 {[%emt 0:00:47]} Rxc8 {[%emt 0:00:01]} 40. Red1 {[%emt 0:00:49]} Rc2 {[%emt 0:00:14]} 41. R3d2 {[%emt 0:00:03]} Rc3 {[%emt 0:00:06]} 42. Ra2 {[%emt 0:00:13]} Kf6 {[%emt 0:00:16]} 43. Kf1 {[%emt 0:00:17]} Ke6 {[%emt 0:00:10]} 44. Ke2 {[%emt 0:00:36]} g5 {[%emt 0:00:49]} 45. Rd3 {[%emt 0:00:37]} Rc1 {[%emt 0:00:35]} 46. Rd1 {[%emt 0:00:05]} Rc3 {[%emt 0:00:06]} 47. Rd3 {[%emt 0:00:29]} Rc1 {[%emt 0:00:10]} 48. Rh3 {[%emt 0:02:10]} Bc3 {[%emt 0:00:05]} 49. Rh6+ {[%emt 0:00:48]} Kd5 {[%emt 0:00:03]} 50. f3 {[%emt 0:00:16]} Kc4 {[%emt 0:01:23]} 51. Ra6 {[%emt 0:00:33]} Kb3 {[%emt 0:00:38]} 52. Rd2 {[%emt 0:00:03]} Bxd2 {[%emt 0:00:43]} 53. Kxd2 {[%emt 0:00:01]} Rc2+ {[%emt 0:00:38]} 54. Ke3 {[%emt 0:00:20]} Rxg2 {[%emt 0:08:58]} 55. Rxa7 {[%emt 0:00:17]} h5 {[%emt 0:11:37]} 56. b5 {[%emt 0:00:07]} Kc4 {[%emt 0:00:06]} 57. a4 {[%emt 0:00:19]} f4+ {[%emt 0:02:07]} 58. Ke4 {[%emt 0:00:01]} Re2+ {[%emt 0:00:10]} 59. Kf5 {[%emt 0:00:01]} g4 {[%emt 0:00:07]} 60. Rc7+ {[%emt 0:01:44]} Kd5 {[%emt 0:00:03]} 61. Rd7+ {[%emt 0:02:10]} Kc5 {[%emt 0:00:01]} 62. Rc7+ {[%emt 0:00:14]} Kd6 {[%emt 0:01:10]} 63. b6 {[%emt 0:00:47]} gxf3 {[%emt 0:00:12]} 64. Rc1 {[%emt 0:00:39]} f2 {[%emt 0:00:02]} 65. a5 {[%emt 0:00:31]} Rb2 {[%emt 0:00:46]} 66. Rd1+ {[%emt 0:00:13]} Kc6 {[%emt 0:00:01]} 67. Rc1+ Kb7 {[%emt 0:00:09]} 68. Rc7+ {[%emt 0:01:14]} Ka6 {[%emt 0:00:34]} 69. Rc1 {[%emt 0:00:25]} Re2 {[%emt 0:00:26]} 70. Rf1 {[%emt 0:00:09]} e4 {[%emt 0:00:21]} 71. Kxf4 {[%emt 0:00:13]} e3 {[%emt 0:00:11]} 72. Kf3 {[%emt 0:00:09]} Re1 {[%emt 0:00:06]} 73. Kg2 {[%emt 0:00:04]} Kb7 {[%emt 0:00:16]} 0-1

[Event "XII Paracin Festival 2019"]
[Site "Paracin"]
[Date "2019.07.11"]
[Round "8.23"]
[White "Gan-Od, Sereenen"]
[Black "Soysal, Serkan"]
[Result "1/2-1/2"]
[WhiteElo "2294"]
[BlackElo "2431"]
[Annotator "NA"]
[PlyCount "144"]
[EventDate "2019.07.05"]
[EventType "swiss"]
[EventCountry "SRB"]
[SourceTitle "playchess.com"]
[Source "ChessBase"]
[SourceQuality "1"]
[TimeControl "5400+30"]

1. c4 {[%emt 0:00:00]} Nf6 {[%emt 0:00:14]} 2. Nc3 {[%emt 0:00:00]} d5 {[%emt 0:00:02]} 3. cxd5 {[%emt 0:00:00]} Nxd5 {[%emt 0:00:02]} 4. Nf3 {[%emt 0:00:11]} g6 {[%emt 0:00:01]} 5. g3 {[%emt 0:00:14]} Bg7 {[%emt 0:00:47]} 6. Bg2 {[%emt 0:00:00]} O-O {[%emt 0:00:42]} 7. O-O {[%emt 0:02:05]} Nc6 {[%emt 0:04:45]} 8. Qa4 {[%emt 0:00:13]} Nb6 {[%emt 0:00:30]} 9. Qh4 {[%emt 0:00:30]} e5 {[%emt 0:00:16]} 10. Qxd8 {[%emt 0:00:29]} Rxd8 {[%emt 0:00:02]} 11. a4 {[%emt 0:00:28]} a5 {[%emt 0:12:24]} 12. Nb5 {[%emt 0:00:42]} Rd7 {[%emt 0:04:10]} 13. d3 {[%emt 0:03:47]} Nb4 {[%emt 0:05:59]} 14. Bd2 {[%emt 0:01:04]} c6 {[%emt 0:00:55]} 15. Nc3 {[%emt 0:01:17]} f5 {[%emt 0:01:41]} 16. Be3 {[%emt 0:00:52]} N6d5 {[%emt 0:02:28]} 17. Nxd5 {[%emt 0:00:21]} Nxd5 {[%emt 0:00:40]} 18. Bc5 {[%emt 0:00:56]} b6 {[%emt 0:03:51]} 19. Ba3 {[%emt 0:00:08]} Rd8 {[%emt 0:11:44]} 20. Rac1 {[%emt 0:02:57]} c5 {[%emt 0:00:12]} 21. Nd2 {[%emt 0:01:02]} Be6 {[%emt 0:01:03]} 22. Nc4 {[%emt 0:00:09]} Rab8 {[%emt 0:00:01]} 23. b3 {[%emt 0:00:29]} e4 {[%emt 0:04:50]} 24. dxe4 {[%emt 0:06:22]} Nc3 {[%emt 0:01:33]} 25. Rc2 Nxe4 {[%emt 0:02:45]} 26. Bc1 {[%emt 0:01:20]} Bxc4 {[%emt 0:03:29]} 27. bxc4 {[%emt 0:02:03]} Rd7 {[%emt 0:07:40]} 28. g4 {[%emt 0:07:49]} Rbd8 {[%emt 0:00:05]} 29. gxf5 {[%emt 0:00:18]} gxf5 {[%emt 0:00:02]} 30. Bh3 {[%emt 0:00:24]} Rf7 {[%emt 0:01:25]} 31. f3 {[%emt 0:01:07]} Nc3 {[%emt 0:03:33]} 32. e4 {[%emt 0:06:39]} Nxa4 {[%emt 0:08:23]} 33. Bxf5 {[%emt 0:00:26]} Rxf5 {[%emt 0:01:11]} 34. exf5 {[%emt 0:00:11]} Kf7 {[%emt 0:00:50]} 35. Kg2 {[%emt 0:02:16]} Rd3 {[%emt 0:04:48]} 36. Re1 {[%emt 0:01:10]} Kf6 {[%emt 0:02:21]} 37. Re6+ {[%emt 0:05:00]} Kxf5 {[%emt 0:00:08]} 38. Re7 {[%emt 0:00:05]} Bd4 {[%emt 0:01:14]} 39. Rxh7 {[%emt 0:01:04]} Rd1 {[%emt 0:01:32]} 40. Rh5+ {[%emt 0:00:14]} Kg6 {[%emt 0:00:25]} 41. Rd5 {[%emt 0:02:02]} Nc3 {[%emt 0:02:01]} 42. Rd6+ {[%emt 0:01:18]} Kf5 {[%emt 0:00:02]} 43. Bb2 {[%emt 0:01:44]} Rg1+ {[%emt 0:00:49]} 44. Kh3 {[%emt 0:00:03]} Rf1 {[%emt 0:01:21]} 45. Bxc3 {[%emt 0:01:17]} Rxf3+ {[%emt 0:00:03]} 46. Kg2 {[%emt 0:00:06]} Rxc3 {[%emt 0:00:04]} 47. Rxc3 {[%emt 0:00:07]} Bxc3 {[%emt 0:00:01]} 48. Kf3 {[%emt 0:00:57]} Be5 {[%emt 0:00:59]} 49. Rxb6 {[%emt 0:00:16]} Bxh2 {[%emt 0:00:05]} 50. Ra6 {[%emt 0:00:55]} Ke5 {[%emt 0:06:12]} 51. Ke3 {[%emt 0:00:17]} Bg1+ {[%emt 0:00:01]} 52. Kd3 {[%emt 0:00:05]} Bd4 {[%emt 0:00:10]} 53. Rxa5 {[%emt 0:00:03]} Kd6 {[%emt 0:00:15]} 54. Ke4 {[%emt 0:00:06]} Kc6 {[%emt 0:00:19]} 55. Ra6+ {[%emt 0:00:04]} Kb7 {[%emt 0:00:00]} 56. Rh6 {[%emt 0:00:07]} Bf2 {[%emt 0:00:12]} 57. Kd5 {[%emt 0:00:06]} Be3 {[%emt 0:00:06]} 58. Rc6 {[%emt 0:00:55]} Bf2 {[%emt 0:00:13]} 59. Kd6 {[%emt 0:00:04]} Be3 {[%emt 0:02:05]} 60. Kd7 {[%emt 0:00:08]} Bd4 {[%emt 0:00:04]} 61. Rg6 {[%emt 0:01:11]} Bc3 {[%emt 0:02:26]} 62. Kd6 {[%emt 0:01:17]} Bb4 {[%emt 0:00:26]} 63. Rg3 {[%emt 0:00:26]} Kb6 {[%emt 0:00:44]} 64. Rb3 {[%emt 0:02:05]} Kb7 {[%emt 0:01:09]} 65. Rb1 {[%emt 0:00:05]} Kb6 {[%emt 0:01:06]} 66. Rxb4+ {[%emt 0:02:48]} cxb4 {[%emt 0:00:25]} 67. c5+ {[%emt 0:00:05]} Ka7 {[%emt 0:01:58]} 68. c6 {[%emt 0:00:00]} b3 {[%emt 0:00:00]} 69. c7 b2 70. c8=Q {[%emt 0:00:39]} b1=Q {[%emt 0:00:05]} 71. Qc7+ {[%emt 0:02:12]} Qb7 {[%emt 0:00:09]} 72. Qxb7+ {[%emt 0:00:13]} Kxb7 1/2-1/2

[Event "XII Paracin Festival 2019"]
[Site "Paracin"]
[Date "2019.07.11"]
[Round "8.24"]
[White "Lajthajm, Borko"]
[Black "Martic, Zlatko"]
[Result "0-1"]
[WhiteElo "2424"]
[BlackElo "2283"]
[Annotator "NA"]
[PlyCount "64"]
[EventDate "2019.07.05"]
[EventType "swiss"]
[EventCountry "SRB"]
[SourceTitle "playchess.com"]
[Source "ChessBase"]
[SourceQuality "1"]
[TimeControl "5400+30"]

1. e4 {[%emt 0:00:00]} c6 {[%emt 0:03:02]} 2. d4 {[%emt 0:00:00]} d5 {[%emt 0:00:05]} 3. Nd2 {[%emt 0:00:00]} dxe4 {[%emt 0:00:14]} 4. Nxe4 {[%emt 0:00:00]} Nf6 {[%emt 0:00:37]} 5. Nxf6+ {[%emt 0:00:00]} exf6 {[%emt 0:00:06]} 6. Bc4 {[%emt 0:00:14]} Bd6 {[%emt 0:00:37]} 7. Ne2 {[%emt 0:00:15]} O-O {[%emt 0:00:48]} 8. Bf4 {[%emt 0:01:00]} Bxf4 {[%emt 0:00:18]} 9. Nxf4 {[%emt 0:00:07]} Re8+ {[%emt 0:00:24]} 10. Ne2 {[%emt 0:00:24]} Be6 {[%emt 0:00:31]} 11. Bd3 {[%emt 0:00:21]} Na6 {[%emt 0:02:05]} 12. O-O {[%emt 0:00:27]} Nb4 {[%emt 0:01:07]} 13. Re1 {[%emt 0:01:00]} Nxd3 {[%emt 0:04:00]} 14. Qxd3 {[%emt 0:00:07]} Qb6 {[%emt 0:00:59]} 15. a3 {[%emt 0:00:47]} Rad8 {[%emt 0:00:30]} 16. b4 {[%emt 0:00:30]} a5 {[%emt 0:01:10]} 17. c3 {[%emt 0:00:20]} axb4 {[%emt 0:05:07]} 18. axb4 {[%emt 0:00:05]} g6 {[%emt 0:03:51]} 19. Nf4 {[%emt 0:00:27]} Bd5 {[%emt 0:05:02]} 20. Qg3 {[%emt 0:00:26]} Ra8 {[%emt 0:24:47]} 21. Nh5 {[%emt 0:00:43]} Rxe1+ {[%emt 0:00:41]} 22. Rxe1 {[%emt 0:00:07]} Qd8 {[%emt 0:00:23]} 23. h4 {[%emt 0:00:22]} Kf8 {[%emt 0:01:21]} 24. Qf4 {[%emt 0:02:35]} gxh5 {[%emt 0:09:13]} 25. Qh6+ {[%emt 0:00:07]} Kg8 {[%emt 0:00:04]} 26. Re3 {[%emt 0:00:16]} Qd6 {[%emt 0:01:29]} 27. f4 {[%emt 0:05:53]} Kh8 {[%emt 0:01:24]} 28. Kh2 {[%emt 0:06:25]} Rg8 {[%emt 0:00:12]} 29. g3 {[%emt 0:00:04]} b5 {[%emt 0:00:37]} 30. Qxh5 {[%emt 0:00:10]} Qf8 {[%emt 0:01:06]} 31. f5 {[%emt 0:01:22]} Qa8 {[%emt 0:01:31]} 32. Qd1 {[%emt 0:00:57]} Re8 {[%emt 0:02:03]} 0-1

[Event "XII Paracin Festival 2019"]
[Site "Paracin"]
[Date "2019.07.11"]
[Round "8.25"]
[White "Skuhala, Jernej"]
[Black "Wadsworth, Matthew J"]
[Result "1/2-1/2"]
[WhiteElo "2290"]
[BlackElo "2418"]
[Annotator "TA"]
[PlyCount "41"]
[EventDate "2019.07.05"]
[EventType "swiss"]
[EventCountry "SRB"]
[SourceTitle "playchess.com"]
[Source "ChessBase"]
[SourceQuality "1"]

{[%evp 9,41,-12,-16,-13,0,-7,26,16,23,2,16,11,18,0,11,0,25,-133,28,24,64,0,0,-3,18,0,8,10,27,0,13,-15,22,9]} 1. e4 e6 2. d3 d5 3. Nd2 c5 4. f4 Nc6 5. Ngf3 Nf6 6. g3 {C00: French: Unusual White 2nd moves} (6. c3 Be7 7. g3 b6 8. e5 Nd7 9. d4 a5 10. Bb5 Qc7 11. O-O Ba6 12. Bxa6 Rxa6 13. a4 O-O {½-½ (40) Short,N (2665)-Kramnik,V (2775) Moscow 1996}) 6... b6 7. c3 $146 ({Predecessor:} 7. Bg2 Bb7 8. O-O Be7 9. Re1 Qc7 10. a3 O-O-O 11. e5 Nd7 12. c4 dxc4 13. dxc4 Nf8 14. Qe2 Na5 15. Ne4 Ba6 16. Nfd2 Qd7 17. Kh1 Qd4 18. Rb1 Bxc4 19. Nxc4 Qxc4 20. Qf3 Qd5 {½-½ (20) Tiller,B (2378)-Shepherd,K (1698) England 2010}) 7... dxe4 8. dxe4 {White has an edge.} Bb7 9. Bb5 Qc7 10. Qe2 O-O-O 11. b3 h6 12. Bb2 Rg8 13. h4 $2 {[#]} (13. O-O-O $11) 13... h5 $2 (13... g5 $1 $17 {[%mdl 512] aiming for ...Nh5.} 14. hxg5 (14. fxg5 Qxg3+) 14... hxg5) 14. O-O-O $11 Ng4 15. Nc4 (15. Ng5 $14) 15... Be7 16. Rhe1 g6 17. Ne3 Nxe3 18. Qxe3 Bf6 19. Qe2 Rxd1+ 20. Rxd1 Rd8 (20... e5 $5 {[%cal Re5f4]}) 21. Re1 {Accuracy: White = 27%, Black = 25%.} 1/2-1/2

[Event "XII Paracin Festival 2019"]
[Site "Paracin"]
[Date "2019.07.11"]
[Round "8.26"]
[White "Harvey, Marcus R"]
[Black "Tadic, Stefan"]
[Result "1-0"]
[WhiteElo "2402"]
[BlackElo "2262"]
[Annotator "NA"]
[PlyCount "111"]
[EventDate "2019.07.05"]
[EventType "swiss"]
[EventCountry "SRB"]
[SourceTitle "playchess.com"]
[Source "ChessBase"]
[SourceQuality "1"]
[TimeControl "5400+30"]

1. f4 {[%emt 0:03:02]} d5 {[%emt 0:00:42]} 2. Nf3 {[%emt 0:00:03]} c5 {[%emt 0:01:59]} 3. g3 {[%emt 0:00:13]} Nf6 {[%emt 0:01:40]} 4. Bg2 {[%emt 0:00:05]} g6 {[%emt 0:01:03]} 5. O-O {[%emt 0:00:07]} Bg7 {[%emt 0:00:05]} 6. d3 {[%emt 0:00:41]} O-O {[%emt 0:01:26]} 7. c3 {[%emt 0:00:38]} Nc6 {[%emt 0:01:37]} 8. Qc2 {[%emt 0:01:02]} Qb6 {[%emt 0:07:16]} 9. Kh1 {[%emt 0:03:51]} Rd8 {[%emt 0:03:43]} 10. Na3 {[%emt 0:02:09]} Qa6 {[%emt 0:09:26]} 11. e4 {[%emt 0:01:54]} c4 {[%emt 0:13:31]} 12. dxc4 {[%emt 0:01:29]} dxe4 {[%emt 0:20:07]} 13. Ng5 {[%emt 0:01:58]} Na5 {[%emt 0:04:33]} 14. Nxe4 {[%emt 0:08:38]} Nxc4 {[%emt 0:03:51]} 15. Qe2 {[%emt 0:02:19]} Nxa3 {[%emt 0:14:24]} 16. Qxa6 {[%emt 0:00:15]} bxa6 {[%emt 0:00:04]} 17. Nxf6+ {[%emt 0:01:23]} Bxf6 {[%emt 0:00:07]} 18. Bxa8 {[%emt 0:00:04]} Bf5 {[%emt 0:10:04]} 19. g4 {[%emt 0:05:27]} Bd3 {[%emt 0:01:20]} 20. Rd1 {[%emt 0:01:44]} Be4+ {[%emt 0:01:40]} 21. Bxe4 {[%emt 0:00:06]} Rxd1+ {[%emt 0:00:02]} 22. Kg2 {[%emt 0:00:05]} Nc4 {[%emt 0:00:24]} 23. Bf3 {[%emt 0:01:02]} Rd8 {[%emt 0:00:56]} 24. Be2 {[%emt 0:00:34]} Nb6 {[%emt 0:01:10]} 25. a4 {[%emt 0:03:35]} a5 {[%emt 0:00:40]} 26. Ra3 {[%emt 0:00:49]} e5 {[%emt 0:00:31]} 27. fxe5 {[%emt 0:00:51]} Bxe5 {[%emt 0:00:02]} 28. Rb3 {[%emt 0:00:09]} Re8 {[%emt 0:00:47]} 29. Bf3 {[%emt 0:01:00]} Bc7 {[%emt 0:00:46]} 30. Bh6 {[%emt 0:00:55]} f6 {[%emt 0:00:31]} 31. h4 {[%emt 0:03:37]} Kf7 {[%emt 0:00:18]} 32. Bc1 {[%emt 0:08:28]} Re7 {[%emt 0:00:33]} 33. Rb5 {[%emt 0:02:40]} Nxa4 {[%emt 0:00:36]} 34. Bd1 {[%emt 0:00:07]} Nb6 {[%emt 0:00:14]} 35. Rxa5 {[%emt 0:00:46]} Bb8 {[%emt 0:00:18]} 36. Kf2 {[%emt 0:02:21]} Re4 {[%emt 0:00:57]} 37. Bf3 {[%emt 0:01:14]} Re7 {[%emt 0:00:33]} 38. Ra6 {[%emt 0:03:11]} Ke8 {[%emt 0:00:23]} 39. Be3 {[%emt 0:00:21]} Kd8 {[%emt 0:00:34]} 40. Bd4 {[%emt 0:00:10]} Rf7 {[%emt 0:00:31]} 41. Ke2 {[%emt 0:04:59]} Kc7 {[%emt 0:00:31]} 42. Kd3 {[%emt 0:00:17]} f5 {[%emt 0:00:19]} 43. g5 {[%emt 0:00:06]} Rd7 {[%emt 0:00:36]} 44. Kc2 {[%emt 0:02:05]} Re7 {[%emt 0:00:32]} 45. Ra5 {[%emt 0:00:16]} Kc8 {[%emt 0:00:26]} 46. Rc5+ {[%emt 0:03:24]} Bc7 {[%emt 0:00:08]} 47. h5 {[%emt 0:02:39]} Kb8 {[%emt 0:00:20]} 48. hxg6 {[%emt 0:00:20]} hxg6 {[%emt 0:00:10]} 49. Rc6 {[%emt 0:00:04]} Nd7 {[%emt 0:01:13]} 50. Rxg6 {[%emt 0:00:11]} Bb6 {[%emt 0:00:23]} 51. Rg7 {[%emt 0:01:25]} Rxg7 {[%emt 0:00:24]} 52. Bxg7 {[%emt 0:00:06]} Kc7 {[%emt 0:00:57]} 53. g6 {[%emt 0:00:17]} Kd6 {[%emt 0:00:30]} 54. c4 {[%emt 0:01:20]} Ke7 {[%emt 0:00:26]} 55. Bc3 {[%emt 0:00:24]} Nf6 {[%emt 0:00:37]} 56. g7 {[%emt 0:00:12]} 1-0

[Event "XII Paracin Festival 2019"]
[Site "Paracin"]
[Date "2019.07.11"]
[Round "8.27"]
[White "Holland, James P"]
[Black "Martic, Ivan"]
[Result "1/2-1/2"]
[WhiteElo "2263"]
[BlackElo "2392"]
[Annotator "NA"]
[PlyCount "42"]
[EventDate "2019.07.05"]
[EventType "swiss"]
[EventCountry "SRB"]
[SourceTitle "playchess.com"]
[Source "ChessBase"]
[SourceQuality "1"]
[TimeControl "5400+30"]

1. e4 c5 2. Nf3 d6 3. d4 cxd4 4. Nxd4 Nf6 5. Nc3 e6 6. g3 Nc6 7. Bg2 Bd7 8. O-O a6 9. Re1 Be7 10. a4 O-O 11. b3 Rc8 12. Bb2 Qc7 13. Qd3 Nxd4 14. Qxd4 e5 15. Qe3 Rfd8 16. Re2 b6 17. Qd3 Qb7 18. Rae1 b5 19. axb5 axb5 20. Nd5 Nxd5 21. exd5 b4 1/2-1/2

[Event "XII Paracin Festival 2019"]
[Site "Paracin"]
[Date "2019.07.11"]
[Round "8.28"]
[White "Popovic, Aleksandar M"]
[Black "Liu, Zhaoqi"]
[Result "0-1"]
[WhiteElo "2234"]
[BlackElo "2386"]
[Annotator "NA"]
[PlyCount "50"]
[EventDate "2019.07.05"]
[EventType "swiss"]
[EventCountry "SRB"]
[SourceTitle "playchess.com"]
[Source "ChessBase"]
[SourceQuality "1"]
[TimeControl "5400+30"]

1. e4 {[%emt 0:00:00]} e6 {[%emt 0:01:27]} 2. d4 {[%emt 0:02:17]} d5 {[%emt 0:00:07]} 3. Nd2 {[%emt 0:00:04]} Be7 {[%emt 0:00:05]} 4. Bd3 {[%emt 0:00:34]} c5 {[%emt 0:00:07]} 5. Ngf3 {[%emt 0:01:36]} Nf6 {[%emt 0:01:29]} 6. c3 {[%emt 0:03:42]} cxd4 {[%emt 0:01:28]} 7. Nxd4 {[%emt 0:02:18]} e5 {[%emt 0:04:37]} 8. N4f3 {[%emt 0:00:10]} Nc6 {[%emt 0:00:23]} 9. O-O {[%emt 0:12:50]} O-O {[%emt 0:00:13]} 10. Qc2 {[%emt 0:04:21]} Bg4 {[%emt 0:09:35]} 11. Re1 {[%emt 0:14:13]} Rc8 {[%emt 0:12:03]} 12. exd5 {[%emt 0:03:34]} Qxd5 {[%emt 0:00:16]} 13. Bc4 {[%emt 0:03:07]} Qd7 {[%emt 0:14:42]} 14. Bb5 {[%emt 0:08:57]} Bf5 {[%emt 0:19:32]} 15. Qa4 {[%emt 0:04:24]} Bd6 {[%emt 0:02:45]} 16. Nc4 {[%emt 0:13:29]} e4 {[%emt 0:02:30]} 17. Nfe5 {[%emt 0:04:28]} Bxe5 {[%emt 0:01:11]} 18. Nxe5 {[%emt 0:00:06]} Qc7 {[%emt 0:00:44]} 19. Nxc6 {[%emt 0:01:51]} bxc6 {[%emt 0:00:06]} 20. Ba6 {[%emt 0:01:58]} Ng4 {[%emt 0:02:03]} 21. g3 {[%emt 0:00:08]} Ne5 {[%emt 0:00:59]} 22. Bf4 {[%emt 0:02:45]} Nf3+ {[%emt 0:02:17]} 23. Kh1 {[%emt 0:00:05]} Qb6 {[%emt 0:02:07]} 24. g4 {[%emt 0:03:04]} Nxe1 {[%emt 0:01:19]} 25. Rxe1 {[%emt 0:01:24]} Bxg4 {[%emt 0:00:48]} 0-1

[Event "XII Paracin Festival 2019"]
[Site "Paracin"]
[Date "2019.07.11"]
[Round "8.29"]
[White "Vafin, Ayrat"]
[Black "Nie, Xinyang"]
[Result "1-0"]
[WhiteElo "2213"]
[BlackElo "2375"]
[Annotator "NA"]
[PlyCount "77"]
[EventDate "2019.07.05"]
[EventType "swiss"]
[EventCountry "SRB"]
[SourceTitle "playchess.com"]
[Source "ChessBase"]
[SourceQuality "1"]
[TimeControl "5400+30"]

1. Nf3 {[%emt 0:00:00]} d5 {[%emt 0:00:00]} 2. g3 {[%emt 0:00:00]} Bg4 {[%emt 0:00:00]} 3. Bg2 {[%emt 0:00:02]} Nd7 {[%emt 0:00:00]} 4. d4 {[%emt 0:00:17]} Ngf6 {[%emt 0:00:44]} 5. O-O {[%emt 0:00:36]} e6 {[%emt 0:00:10]} 6. Nbd2 {[%emt 0:00:07]} c6 {[%emt 0:01:23]} 7. Re1 {[%emt 0:00:11]} Be7 {[%emt 0:01:52]} 8. e4 {[%emt 0:00:06]} dxe4 {[%emt 0:00:54]} 9. Nxe4 {[%emt 0:00:05]} h6 {[%emt 0:03:47]} 10. c3 {[%emt 0:00:37]} Qa5 {[%emt 0:03:05]} 11. Nxf6+ {[%emt 0:03:17]} Bxf6 {[%emt 0:00:24]} 12. h3 {[%emt 0:01:08]} Bh5 {[%emt 0:01:16]} 13. Qb3 {[%emt 0:00:59]} O-O-O {[%emt 0:00:47]} 14. Nd2 {[%emt 0:00:36]} g5 {[%emt 0:01:15]} 15. Nc4 {[%emt 0:02:19]} Qc7 {[%emt 0:00:06]} 16. Qa3 {[%emt 0:08:11]} Kb8 {[%emt 0:01:31]} 17. Be3 {[%emt 0:03:59]} a6 {[%emt 0:03:28]} 18. b4 {[%emt 0:04:25]} e5 {[%emt 0:03:33]} 19. d5 {[%emt 0:25:53]} cxd5 {[%emt 0:05:55]} 20. Bxd5 {[%emt 0:00:04]} Nc5 {[%emt 0:00:02]} 21. bxc5 {[%emt 0:05:24]} Rxd5 {[%emt 0:00:06]} 22. Rab1 {[%emt 0:00:36]} Bg6 {[%emt 0:04:00]} 23. Rb6 {[%emt 0:04:07]} Be7 {[%emt 0:02:56]} 24. Qxa6 {[%emt 0:14:20]} Bd3 {[%emt 0:00:04]} 25. c6 {[%emt 0:00:48]} Qxc6 {[%emt 0:00:02]} 26. Na5 {[%emt 0:00:21]} Rxa5 {[%emt 0:02:39]} 27. Qxa5 {[%emt 0:00:18]} Qc7 {[%emt 0:00:07]} 28. Qa4 {[%emt 0:04:22]} f5 {[%emt 0:04:00]} 29. Re6 {[%emt 0:02:35]} Bd6 {[%emt 0:01:08]} 30. Re8+ {[%emt 0:03:06]} Rxe8 {[%emt 0:00:02]} 31. Qxe8+ {[%emt 0:00:05]} Qc8 {[%emt 0:00:04]} 32. Ba7+ {[%emt 0:00:32]} Kc7 {[%emt 0:00:00]} 33. Bb6+ {[%emt 0:00:35]} Kb8 {[%emt 0:00:01]} 34. Rxe5 {[%emt 0:01:03]} Bxe5 {[%emt 0:00:01]} 35. Ba7+ {[%emt 0:00:34]} Kc7 {[%emt 0:00:41]} 36. Qxe5+ {[%emt 0:00:12]} Kd8 {[%emt 0:00:03]} 37. Bb6+ {[%emt 0:00:11]} Kd7 {[%emt 0:00:04]} 38. Qd5+ {[%emt 0:00:06]} Ke8 {[%emt 0:00:05]} 39. Qxd3 {[%emt 0:00:05]} 1-0